Les musiques d'Orelsan les plus écoutées sur Spotify - Statistiques

Statistiques générales
  • Ce quiz a été pris 3 158 fois
    1 627 depuis la dernière actualisation
  • Le résultat moyen est 8 sur 20
Statistiques - réponses
Nombre de streams Date de sortie Titre % Correct
74 631 981 2017 Basique
87%
79 786 653 2011 La terre est ronde
74%
90 236 688 2021 La Quête
73%
49 418 334 2021 L'odeur de l'essence
54%
53 042 316 2017 Défaite de famille
53%
82 605 933 2017 La pluie (ft. Stromae)
53%
66 892 418 2017 Notes pour trop tard (ft. Ibeyi)
49%
90 725 787 2018 Rêves bizarres (ft. Damso)
47%
48 688 745 2017 Tout va bien
45%
86 695 300 2021 Jour meilleur
44%
48 110 310 2017 San
44%
49 851 871 2017 Paradis
39%
52 276 388 2021 Du propre
38%
32 702 103 2021 Athéna
36%
33 988 174 2017 La fête est finie
31%
41 439 609 2022 Evidemment (ft. Angèle)
21%
62 698 553 2021 Millions (ft. Ninho)
16%
41 549 271 2015 Inachevés (ft. Gringe)
13%
35 323 341 2015 A l'heure où je me couche (ft. Gringe)
9%
44 189 201 2018 La vérité (ft. Lomepal)
7%
Aucun quiz correspondant
Distribution des résultats
% des personnes avec chaque résultat
Percentile par nombre de réponses
Votre historique - résultats
Vous n’avez pas pris ce quiz depuis la dernière actualisation